LEADER 01146nam a22002771i 4500 001 991000069759707536 005 20031017191704.0 008 031111m19791980uik|||||||||||||||||eng 020 $a0859910628 (v. 2) 035 $ab12566007-39ule_inst 035 $aARCHE-059926$9ExL 040 $aDip.to Lingue$bita$cA.t.i. Arché s.c.r.l. Pandora Sicilia s.r.l. 082 04$a948.9 100 0 $aSaxo :$cGrammaticus$0200265 245 14$aThe history of the danes :$bbooks I-IX /$cSaxo Grammaticus ; translated by Peter Fisher ; edited by Hilda Ellis Davidson 260 $aCambridge :$bBrewer [etc.],$c1979-1980 300 $a2 v. ;$c24 cm 700 1 $aFisher, Peter 700 1 $aDavidson, Hilda Roderick Ellis 907 $a.b12566007$b02-04-14$c13-11-03 912 $a991000069759707536 945 $aLE012 F.G. 759$cV. 1$g1$i2012000062665$lle012$o-$pE0.00$q-$rl$s- $t0$u0$v0$w0$x0$y.i13019594$z13-11-03 945 $aLE012 F.G. 759/1$cV. 2$g1$i2012000062658$lle012$o-$pE0.00$q-$rl$s- $t0$u0$v0$w0$x0$y.i13019600$z13-11-03 996 $aHistory of the danes$9173915 997 $aUNISALENTO 998 $ale012$b13-11-03$cm$da $e-$feng$guik$h4$i2 LEADER 02930oas 2201177 a 450 001 9910333135503321 005 20251114213013.0 011 $a1095-9947 035 $a(DE-599)ZDB1467514-6 035 $a(DE-599)1467514-6 035 $a(OCoLC)36967829 035 $a(CONSER)sn 97001916 035 $a(CKB)954922650162 035 $a(EXLCZ)99954922650162 100 $a19970527a19919999 sy a 101 0 $aeng 135 $aurcnu|||||||| 181 $ctxt$2rdacontent 182 $cc$2rdamedia 183 $acr$2rdacarrier 200 10$aFish & shellfish immunology 210 1$a[London] :$cAcademic Press 210 31$a[Amsterdam, Netherlands]$cElsevier 215 $a1 online resource (volumes) 300 $aRefereed/Peer-reviewed 311 08$a1050-4648 517 3 $aFish and shellfish immunology 531 0 $aFish shellfish immunol. 606 $aFishes$xImmunology$vPeriodicals 606 $aShellfish$xImmunology$vPeriodicals 606 $aCrustacea$ximmunology 606 $aFishes$ximmunology 606 $aMollusca$ximmunology 606 $aAnimals 606 $aPoissons$xImmunologie$vPe?riodiques 606 $aCrustace?s$xImmunologie$vPe?riodiques 606 $aFishes$xImmunology$2fast$3(OCoLC)fst00926518 606 $aFischereiwissenschaft$2gnd 606 $aZeitschrift$2gnd 606 $aOnline-Ressource$2gnd 606 $aSchalentiere$2gnd 606 $aImmunbiologie$2gnd 606 $aFische$2gnd 608 $aPeriodicals.$2fast 615 0$aFishes$xImmunology 615 0$aShellfish$xImmunology 615 12$aCrustacea$ximmunology. 615 12$aFishes$ximmunology. 615 12$aMollusca$ximmunology. 615 02$aAnimals. 615 6$aPoissons$xImmunologie 615 6$aCrustace?s$xImmunologie 615 7$aFishes$xImmunology. 615 7$aFischereiwissenschaft 615 7$aZeitschrift. 615 7$aOnline-Ressource 615 7$aSchalentiere 615 7$aImmunbiologie 615 7$aFische 676 $a597 801 0$bOH1 801 1$bOH1 801 2$bNSD 801 2$bOCL 801 2$bMYG 801 2$bOCLCQ 801 2$bMYG 801 2$bGUA 801 2$bOCLCQ 801 2$bMUQ 801 2$bOCL 801 2$bOCLCS 801 2$bNSD 801 2$bCIT 801 2$bOCLCQ 801 2$bEUW 801 2$bOCLCQ 801 2$bDEFHM 801 2$bOCLCO 801 2$bOCLCA 801 2$bNLE 801 2$bOCLCF 801 2$bUKMGB 801 2$bVT2 801 2$bUK7LJ 801 2$bDKU 801 2$bOCLCO 801 2$bOCLCQ 801 2$bCASUM 801 2$bUAB 801 2$bLDP 801 2$bQGK 801 2$bZYU 801 2$bOCLCA 801 2$bOCLCL 801 2$bOCLCA 801 2$bOCLCQ 906 $aJOURNAL 912 $a9910333135503321 996 $aFish & shellfish immunology$91897881 997 $aUNINA